Leader xxxxxxxxxx
001 __ 102461/1/01
005 __ 20170410105855.715
010 0_ |a9789863613237|b第8冊 : 平裝|d新臺幣220元
042 __ |anbim
100 __ |a20170410d2016 k y0chiy50 e
101 0_ |achi
102 __ |atw
105 __ |ay z 000ay
200 1_ |a妖怪公館ソ新房客|h8|i夜宴fighting!|dResidence of Monsters|f藍旗左衽著
205 __ |a初版
210 __ |a臺北市|c高寶國際|d2016[民105]
215 0_ |a283面|d21公分
225 12 |a輕世代|vFW203
510 1_ |aResidence of Monsters|zeng
517 1_ |a夜宴fighting|zchi
606 __ |2csh|a輕小說
700 _0 |a藍旗左衽|4著
681 __ |a857.7|b8524 v.8
801 _0 |atw|bLibDipper|c20170410|gCCR
|